00344nam a2200133Ia 4500003000400000008004100004040001600045082001600061100002000077245005700097260003400154650000900188650001300197GCL140319s9999 xx 000 0 eng d aGCL / cGCL04a709.02bG S1 aGRODECKI, LOUIS10aLE SIECLE DE L'AN MIL 950 - 1050 / cGRODECKI, LOUIS a[S.N] : bGALLIMARD ، c197304aARTS04aPAINTING